Review of Preventive & Social Medicine (Record no. 8615)

MARC details
000 -LEADER
fixed length control field 00457nam a22001577a 4500
003 - CONTROL NUMBER IDENTIFIER
control field OSt
008 - FIXED-LENGTH DATA ELEMENTS--GENERAL INFORMATION
fixed length control field 200320b ||||| |||| 00| 0 eng d
020 ## - INTERNATIONAL STANDARD BOOK NUMBER
International Standard Book Number 9789352704149
100 ## - MAIN ENTRY--PERSONAL NAME
Personal name Jain, Vivek
245 ## - TITLE STATEMENT
Title Review of Preventive & Social Medicine
250 ## - EDITION STATEMENT
Edition statement 11th (2019)
260 ## - PUBLICATION, DISTRIBUTION, ETC. (IMPRINT)
Place of publication, distribution, etc New Delhi
Name of publisher, distributor, etc Jaypee Brothers Medical Publishers
300 ## - PHYSICAL DESCRIPTION
Extent Paperback: 815 pages, Dimensions: 27.1 x 21.2 x 3.5 cm
650 ## - SUBJECT ADDED ENTRY--TOPICAL TERM
Topical term or geographic name as entry element Clinical Pharmacy
942 ## - ADDED ENTRY ELEMENTS (KOHA)
Source of classification or shelving scheme Dewey Decimal Classification
Koha item type Text Books
942 ## - ADDED ENTRY ELEMENTS (KOHA)
-- 2
Holdings
Withdrawn status Lost status Source of classification or shelving scheme Damaged status Not for loan Collection code Home library Current library Date acquired Source of acquisition Currency Cost, normal purchase price Bill Number Total Checkouts Full call number Acc. no. / Barcode Date last seen Actual Cost, discounted price Bill Date Koha item type Date last borrowed
    Dewey Decimal Classification     B.Pharma PIET C-LIBRARY PIET C-LIBRARY 07/01/2020 Kirti Prakashan IN Rupees 1195.00 IN5980   613 JAR BP431 20/03/2020 860.40 07/01/2020 Reference Books  
    Dewey Decimal Classification     B.Pharma PIET C-LIBRARY PIET C-LIBRARY 07/01/2020 Kirti Prakashan IN Rupees 1195.00 IN5980 2 613 JAR BP432 20/03/2023 860.40 07/01/2020 Text Books 01/03/2023
    Dewey Decimal Classification     B.Pharma PIET C-LIBRARY PIET C-LIBRARY 07/01/2020 Kirti Prakashan IN Rupees 1195.00 IN5980   613 JAR BP433 20/03/2020 860.40 07/01/2020 Text Books  

Design & Developed by: PIET Central Library
R70 Miles Stone Pattikalyana Samalkha Panipat 132102
mail ID :- [email protected], Phone No:- 0180-2569700 Ex.216